| 000 | 00686cam a22002053a 4500 | ||
|---|---|---|---|
| 001 | 39423 | ||
| 003 | PGUSA | ||
| 005 | 20140828083857.0 | ||
| 008 | 120411s2012||||xxu|||||s|||||000 | eng d | ||
| 040 |
_aPGUSA _beng |
||
| 042 | _adc | ||
| 100 | 1 |
_aGray, Asa, _d1810-1888 |
|
| 245 | 1 | 4 |
_aThe Manual of the Botany of the Northern United States : _bIncluding the District East of the Mississippi and North of North Carolina and Tennessee _h[electronic resource] / _cAsa Gray |
| 260 |
_bProject Gutenberg, _c2012 |
||
| 506 | _aPublic domain in the USA. | ||
| 516 | _aElectronic text | ||
| 830 | 0 |
_aProject Gutenberg _v39423 |
|
| 856 | 4 | 0 | _uhttp://www.gutenberg.org/ebooks/39423 |
| 942 | _cEB | ||
| 999 |
_c268676 _d268676 |
||